| 000 | 00531nam a2200169 4500 | ||
|---|---|---|---|
| 001 | 144726 | ||
| 003 | ES-MaACL | ||
| 007 | t| | ||
| 008 | 070214s1971 sp r ||||1| spa d | ||
| 100 | 1 |
_aShklovskii, Viktor Borisocich. _9106142 |
|
| 245 | 1 | 0 |
_aZoo _b: o Cartas no de amor / _cViktor Sklovski ; [traducción: Joaquín Jordá]. |
| 260 |
_aBarcelona : _bAnagrama, _c1971 ( _fDiamante) |
||
| 300 |
_a110 p. ; _c20 cm. |
||
| 700 | 1 |
_aJordá, Joaquín. _966895 |
|
| 740 | 0 | _aCartas no de amor. | |
| 852 |
_aES-MaACL _jE-4432 _bR.89212 |
||
| 999 |
_c144726 _d144726 |
||